000 00632nam a2200217Ia 4500
003 OSt
005 20221007071059.0
006 a|||||r|||| 00| 0
007 ta
008 221006b |||||||| |||| 00| 0 eng d
024 _a25,451
037 _cReports / Technical Reports
040 _aFLL
_cFLL
_beng
041 _2eng
_aeng
082 _aY173:45:65r236, F4
245 0 _aAdministration of criminal tribes
260 _aLahore
_bSuperintendent, Govt. printing, Punjab India
_c1924
300 _a1-16p
_ccm.
942 _hY173:45:65r236, F4
_cREP
_2CC
999 _c1142389
_d1142389